ARRUPE JESUIT UNIVERSITY

CORONAVIRUS -STOP THE SPREAD - CLEAN,DISINFECT,COVER

Proposed light railways maps (Record no. 119308)

MARC details
000 -LEADER
fixed length control field 00433nam a22001457a 4500
008 - FIXED-LENGTH DATA ELEMENTS--GENERAL INFORMATION
fixed length control field 131217b xxu||||| |||| 00| 0 eng d
050 ## - LIBRARY OF CONGRESS CALL NUMBER
Classification number SPC HE3419.S8B862
100 ## - MAIN ENTRY--PERSONAL NAME
Personal name British South Africa Company
9 (RLIN) 5838
245 ## - TITLE STATEMENT
Title Proposed light railways maps
260 ## - PUBLICATION, DISTRIBUTION, ETC. (IMPRINT)
Place of publication, distribution, etc London
Name of publisher, distributor, etc Waterlow
Date of publication, distribution, etc 1910
300 ## - PHYSICAL DESCRIPTION
Extent 9 maps
Dimensions 30cm
650 ## - SUBJECT ADDED ENTRY--TOPICAL TERM
Topical term or geographic name as entry element Railways - South Africa - Maps
9 (RLIN) 5839
700 ## - ADDED ENTRY--PERSONAL NAME
Personal name Wise, C. D. et al.
9 (RLIN) 5840
942 ## - ADDED ENTRY ELEMENTS (KOHA)
Source of classification or shelving scheme Library of Congress Classification
Item type Monograph ( Printed materials)
Holdings
Withdrawn status Lost status Source of classification or shelving scheme Damaged status Not for loan Home library Current library Date acquired Total Checkouts Full call number Barcode Date last seen Price effective from Koha item type
    Library of Congress Classification     ARRUPE LIBRARY ARRUPE LIBRARY 17/12/2013   SPC HE3419.S8B862 464122625 17/12/2013 17/12/2013 Monograph ( Printed materials)

 

Arrupe Library. PO Box MP320 Mt Pleasant, Harare, Zimbabwe
263 242 745411|librarian@aju.ac.zw